| 000 | 00532nam a2200181 a 4500 | ||
|---|---|---|---|
| 001 | 2547 | ||
| 003 | CDMR | ||
| 005 | 20131024112348.0 | ||
| 008 | 130130s1954||||||||||||||||||||||||||||d | ||
| 040 |
_aCDMR _bcat _cCDMR |
||
| 100 | 1 |
_aSaint-Andrieu, André _91912 |
|
| 245 | 1 | 4 |
_aLes stations de radiodiffusion _cpar André de Saint-Andrieu |
| 260 |
_aParis _c1954 _bPresses Universitaires de France |
||
| 490 | 0 |
_aQue sais-je? _v214 |
|
| 650 | 0 | 4 |
_94180 _aSistemes de telecomunicació |
| 650 | 0 | 4 |
_92384 _aRàdio _xTècnica |
| 942 |
_cMON _2udc |
||
| 999 |
_c2547 _d2547 |
||